|
|
|
|
| LEADER |
00000nam a2200000 4500 |
| 001 |
vtls011748911 |
| 003 |
SK-MaSNL |
| 005 |
20260301222820.0 |
| 008 |
200104s2017 xo dl g n 001 0 slo |
| 015 |
|
|
|a SNBA2018/05
|
| 020 |
|
|
|a 9788055217710
|q (brožované)
|
| 035 |
|
|
|a urn:nbn:sk:snk-am00d2qe
|
| 035 |
|
|
|a urn:nbn:sk:snk-am3hjoi
|
| 035 |
|
|
|a FCC973EC-4122-4618-81DC-59302C269590
|
| 040 |
|
|
|a SNK
|b slo
|c SNK
|e rda
|
| 041 |
0 |
|
|a slo
|b eng
|
| 044 |
|
|
|a xo
|c SK
|
| 072 |
|
7 |
|a 631
|x Poľnohospodárstvo. Pedológia. Agrotechnika. Agroekológia
|2 konspekt
|
| 072 |
|
7 |
|a 579
|x Mikrobiológia
|2 konspekt
|
| 080 |
|
|
|a 631.4
|2 2011
|
| 080 |
|
|
|a (048.8)
|2 2011
|
| 080 |
|
|
|a 631.879.4
|2 2011
|
| 080 |
|
|
|a 579.87
|2 2011
|
| 080 |
|
|
|a 579.873.7
|2 2011
|
| 080 |
|
|
|a 628.4.042
|2 2011
|
| 100 |
1 |
|
|a Javoreková, Soňa,
|d 1963-
|4 aut
|9 193087
|
| 245 |
1 |
0 |
|a Pôda, kompost a vermikompost ako zdroj produkčných kmeňov aktinomycét
|c Soňa Javoreková, Silvia Kovácsová, Ivana Charousová
|
| 250 |
|
|
|a Vydanie prvé
|
| 264 |
|
1 |
|a Nitra
|b Slovenská poľnohospodárska univerzita v Nitre
|c 2017
|
| 300 |
|
|
|a 87 strán
|b grafy, schémy, tabuľky
|c 24 cm
|
| 336 |
|
|
|a text
|b txt
|2 rdacontent
|
| 337 |
|
|
|a bez média
|b n
|2 rdamedia
|
| 338 |
|
|
|a zväzok
|b nc
|2 rdacarrier
|
| 366 |
|
|
|e 100 kusov
|
| 504 |
|
|
|a Bibliografia na strane 71-83 ; register ; zoznam ilustrácií ; zoznam tabuliek ; zoznam skratiek a značiek
|
| 546 |
|
|
|a Anglické resumé
|
| 650 |
0 |
7 |
|a pôda
|2 SNKPH
|9 1159
|
| 650 |
0 |
7 |
|a Soils
|2 SNKPHeng
|9 325606
|
| 650 |
0 |
7 |
|a komposty
|2 SNKPH
|9 57277
|
| 650 |
0 |
7 |
|a Composts
|2 SNKPHeng
|9 414858
|
| 650 |
0 |
7 |
|a aktinomycéty
|2 SNKPH
|9 238428
|
| 650 |
0 |
7 |
|a Actinomycetales
|2 SNKPHeng
|9 612942
|
| 650 |
0 |
7 |
|a kompostovanie
|2 SNKPH
|9 21880
|
| 650 |
0 |
7 |
|a Composting
|2 SNKPHeng
|9 350240
|
| 650 |
0 |
7 |
|a streptomycéty
|2 SNKPH
|9 53186
|
| 650 |
0 |
7 |
|a Streptomycetaceae
|2 SNKPHeng
|9 612943
|
| 650 |
0 |
7 |
|a biologicky rozložiteľný odpad
|2 SNKPH
|9 78735
|
| 650 |
0 |
7 |
|a Biodegradable waste
|2 SNKPHeng
|9 141298
|
| 655 |
|
7 |
|a monografie
|2 SNKPH
|9 70139
|
| 655 |
|
7 |
|a Monographs
|2 SNKPHeng
|9 120675
|
| 700 |
1 |
|
|a Kovácsová, Silvia
|4 aut
|9 612944
|
| 700 |
1 |
|
|a Charousová, Ivana
|4 aut
|9 612945
|
| 919 |
|
|
|a 978-80-552-1771-0
|
| 958 |
|
|
|a NB
|
| 999 |
|
|
|c 941150
|d 943080
|
| 952 |
|
|
|a SNK
|b SNK
|y PREZ
|7 0
|p 17A1323322
|o snkSC 178946
|i snk2018/7566
|8 0
|0 0
|1 0
|4 0
|d 2018-04-03
|f 1
|l 0
|r 2026-02-24 09:18:28
|w 2026-02-24
|
| 952 |
|
|
|a SNK
|b SNK
|y VYP
|7 0
|p 17A1323323
|o snkSC 178946 D1
|i snk2018/7567
|8 0
|0 0
|1 0
|4 0
|d 2018-04-03
|l 1
|r 2026-04-21 10:43:11
|s 2026-02-28
|w 2026-02-24
|